000 00577nam a22002177a 4500
003 OSt
005 20150924151554.0
008 150924b xxu||||| |||| 00| 0 eng d
020 _a9780702029998
040 _cDDC
082 _a371.1 PRA 2009
100 _aeditor Hinchliff, Sue
_95765
245 _aThe Practitioner as Teacher
250 _a4th ed.
260 _aEdinburgh;
_bChurchill;
_c2009
300 _ax,166p;
_bill:
_c24cm
504 _aReferences, & index included
650 _aTeacher guide
_95766
650 _aSchool practice guide
_95767
942 _2z
_cO_SHELF
999 _c2276
_d2276